000 00973cam a22002777i 4500
001 19248081
005 20260113045341.0
008 160825t20172017enka bf 001 0 eng d
020 _a9780198733522
_q(hbk.)
020 _a0198733526
_q(hbk.)
082 _a300.072 FRO
245 0 4 _aThe Oxford handbook of interdisciplinarity /
_cRobert Frodeman, Julie Thompson Klein and Roberto C.S. Pacheco.
250 _a2nd ed.
264 1 _aOxford :
_bOxford University Press,
_c2017.
300 _axxviii, 622 p. :
_bill. ;
_c26 cm.
490 1 _aOxford handbooks
650 0 _aInterdisciplinary approach to knowledge.
650 0 _aInterdisciplinary research.
650 0 _aCognitive science
_xResearch.
700 1 _aFrodeman, Robert
_eeditor.
700 1 _aKlein, Julie Thompson
_eeditor.
700 1 _aPacheco, Roberto C. S.
_eeditor.
830 0 _aOxford handbooks.
856 _uhttps://academic.oup.com/edited-volume/27968
_yTable of contents
942 _2ddc
_cBK
999 _c111786
_d111786